00390 a2200133 4500010001400000020002300014035001300037037001600050082001100066245002600077260004500103270008300148300002500231 aENG-89876 a8124114025c150.00 aEN-73409 bDBAD / PUB14a530.031 aDictionary of physics aNew DelhibHar-Anand Publicationsc2008 aE-49/3, Okhla Induatrial Area, Phase-IIbNew Delhie110020k41603490l41708607 a200p.c22 cm. (Pbk.)